000 01502nam a2200313 c 4500
003 BLK
005 20181004120940.0
008 180409b bul|||||r ||||||| ||bul||
010 _aKNG00142730000
040 _aBLK
041 _aBUL
_cBUL
080 _aРазвитие на психиката и способностите. Сравнителна психология
_b159.92
_x
_z159.92
700 1 _aИванова, Здрава
_eотг. ред.
_9325517
139 _aПсихология на личността, колектива и труда
_bП 92
245 1 0 _aПсихология на личността, колектива и труда
_bСб. изследвания
_cотг. ред. Здрава Иванова.
257 _aBGR
260 София
_bБАН
_c1984
300 _a222 с.
_c21 см
380 _a1
500 _aИзд. на БАН. Центр. лаб. по психология. - 700 тир. - Съдържа разделите : Психична регулация на поведението в общ и възрастов аспект ; Формиране на личността в труда и общуването.
650 4 _aПсихология
_9168332
653 _aпсихология
653 _aличност
852 _aЦб 125540
856 4 _qpdf
_u
856 4 _qpdf
_u
942 _cKNG
_n0
_01
944 _aCR
_c15.05.2013
_l15.05.2013 - от С1,Р / 15.05.2013
_kГрета_Цуфелде
944 _aED
_c15.05.2013
_l15.05.2013 - от С1,Р / 15.05.2013
_k
999 _c136774
_d136774